LEADER 00942cam a2200229 a 4500
999 |c 215226  |d 215226 
020 |a 9780470248836 (cloth) 
020 |a 0470248831 (cloth) 
082 0 0 |a 620/.5 
100 1 |a Lee, Yoon S. 
245 1 0 |a Self-assembly and nanotechnology :  |b a force balance approach /  |c Yoon S. Lee. 
260 |a Hoboken, N.J. :  |b John Wiley & Sons,  |c c2008. 
300 |a xvi, 344 p. :  |b ill. ; 
504 |a Includes bibliographical references and index. 
650 0 |a Nanostructured materials 
650 0 |a Nanotechnology. 
650 0 |a Self-assembly (Chemistry) 
856 4 1 |u http://www.loc.gov/catdir/toc/ecip087/2007052383.html 
856 4 2 |u http://www.loc.gov/catdir/enhancements/fy0806/2007052383-d.html 
856 4 2 |u http://www.loc.gov/catdir/enhancements/fy0829/2007052383-b.html 
942 |c BK 
952 |0 0  |1 0  |4 0  |6 620_000000000000000__5_LEE_S  |7 0  |9 229096  |a DOP  |b DOP  |d 2019-12-05  |l 0  |o 620/.5 LEE/S  |p DOP1559  |r 2019-12-05  |w 2019-12-05  |y BK